তাওয়ারিখে মোহাম্মদী / (Record no. 57388)
[ view plain ]
| 000 -LEADER | |
|---|---|
| fixed length control field | 01212nam a22003017a 4500 |
| 001 - CONTROL NUMBER | |
| control field | 57388 |
| 003 - CONTROL NUMBER IDENTIFIER | |
| rucl marc code | BD-RjUL |
| 005 - DATE AND TIME OF LATEST TRANSACTION | |
| control field | 20211209080513.0 |
| 008 - FIXED-LENGTH DATA ELEMENTS--GENERAL INFORMATION | |
| fixed length control field | 161208s1964 pk ||||| |||| 00| 0 ben d |
| 020 ## - INTERNATIONAL STANDARD BOOK NUMBER | |
| Terms of availability | : PRs. 14.00 |
| 035 ## - SYSTEM CONTROL NUMBER | |
| System control number | (BD-RjUL)57512 |
| 040 ## - CATALOGING SOURCE | |
| Original cataloging agency | BD-RjUL |
| Language of cataloging | ben |
| Transcribing agency | BD-RjUL |
| 041 ## - LANGUAGE CODE | |
| Language code of text/sound track or separate title | ben |
| 082 ## - DEWEY DECIMAL CLASSIFICATION NUMBER | |
| Edition number | 23 |
| Classification number | 891.441029763 |
| Author mark and year | SAT V-(1-5) 1964 |
| 100 1# - MAIN ENTRY--PERSONAL NAME | |
| Personal name | ছায়ীদ, মোহাম্মদ |
| 9 (RLIN) | 137486 |
| 245 10 - TITLE STATEMENT | |
| Title | তাওয়ারিখে মোহাম্মদী / |
| Statement of responsibility, etc. | মোহাম্মদ ছায়ীদ |
| 250 ## - EDITION STATEMENT | |
| Edition statement | ৪র্থ সং. |
| 260 ## - PUBLICATION, DISTRIBUTION, ETC. (IMPRINT) | |
| Place of publication, distribution, etc. | ঢাকা : |
| Name of publisher, distributor, etc. | নিউ গ্রীন লাইব্রেরী, |
| Date of publication, distribution, etc. | ১৯৬৪ |
| 300 ## - PHYSICAL DESCRIPTION | |
| Pagination | খণ্ড ; |
| Size | ২৪ সেমি. |
| 505 0# - FORMATTED CONTENTS NOTE | |
| Formatted contents note | খণ্ড (১-৫) -- |
| 600 ## - SUBJECT ADDED ENTRY--PERSONAL NAME | |
| Personal name | হযরত মুহাম্মদ (সঃ), |
| Dates associated with a name | ৫৭০-৬৩২ |
| General subdivision | জীবনী |
| Personal name | Hazarat Muhammad (sm:), |
| Dates associated with a name | 570-632 |
| General subdivision | Biography |
| 650 ## - SUBJECT ADDED ENTRY--TOPICAL TERM | |
| Topical term or geographic name as entry element | বাংলা কবিতা |
| 9 (RLIN) | 238730 |
| Topical term or geographic name as entry element | Bengali Poetry |
| 9 (RLIN) | 238731 |
| Topical term or geographic name as entry element | বাংল পুঁথি-সাহিত্য |
| 9 (RLIN) | 146860 |
| Topical term or geographic name as entry element | Bengali Booklet-Literature |
| 9 (RLIN) | 238732 |
| 942 ## - ADDED ENTRY ELEMENTS (KOHA) | |
| Source of classification or shelving scheme | Dewey Decimal Classification |
| Koha item type | Books |
| Lost status | Source of classification or shelving scheme | Damaged status | Not for loan | Collection code | Permanent Location | Current Location | Shelving location | Date acquired | Total Checkouts | Full call number | Date last seen | Copy number | Koha item type |
|---|---|---|---|---|---|---|---|---|---|---|---|---|---|
| Dewey Decimal Classification | Not For Loan | Rare Books | Central Library, University of Rajshahi | Central Library, University of Rajshahi | Rare Book Section | 03/02/2020 | BRA 891.441029763 SAT V-(1-5) 1964 | 03/02/2020 | C-1 | Books | |||
| Dewey Decimal Classification | Fiction | Central Library, University of Rajshahi | Central Library, University of Rajshahi | 03/02/2020 | B 891.441029763 SAT V-(1-5) 1964 | 03/02/2020 | C-2 | Books |